|
|
|
|
| LEADER |
00000cam a2200000 c 4500 |
| 001 |
1623357357 |
| 003 |
DE-627 |
| 005 |
20251225202708.0 |
| 007 |
tu |
| 008 |
060307s2006 xx ||||| 00| ||eng c |
| 020 |
|
|
|a 8189526855
|9 81-89526-85-5
|
| 024 |
3 |
|
|a 9788189526856
|
| 035 |
|
|
|a (DE-627)1623357357
|
| 035 |
|
|
|a (DE-576)251706184
|
| 035 |
|
|
|a (DE-599)BSZ251706184
|
| 035 |
|
|
|a (OCoLC)72532672
|
| 035 |
|
|
|a (IiNdDKA)162773-HBD
|
| 040 |
|
|
|a DE-627
|b ger
|c DE-627
|e rakwb
|
| 041 |
|
|
|a eng
|
| 082 |
0 |
|
|a 364
|
| 245 |
0 |
0 |
|a Crime in India
|c ed. by Shashi Shekhar Singh
|
| 250 |
|
|
|a 1. ed.
|
| 264 |
|
1 |
|a Delhi
|b Vista International Publ. House
|c 2006
|
| 300 |
|
|
|a VI, 302 S.
|c 23 cm
|
| 336 |
|
|
|a Text
|b txt
|2 rdacontent
|
| 337 |
|
|
|a ohne Hilfsmittel zu benutzen
|b n
|2 rdamedia
|
| 338 |
|
|
|a Band
|b nc
|2 rdacarrier
|
| 500 |
|
|
|a Includes index
|
| 583 |
1 |
|
|a Archivierung prüfen
|c 20200919
|f DE-640
|z 2
|2 pdager
|
| 689 |
0 |
0 |
|d g
|0 (DE-588)4026722-2
|0 (DE-627)104585129
|0 (DE-576)208967699
|a Indien
|2 gnd
|
| 689 |
0 |
1 |
|d s
|0 (DE-588)4033178-7
|0 (DE-627)10458503X
|0 (DE-576)209000511
|a Kriminalität
|2 gnd
|
| 689 |
0 |
|
|5 (DE-627)
|
| 700 |
1 |
|
|a Singh, Shashi Shekhar
|4 oth
|
| 951 |
|
|
|a BO
|
| ELC |
|
|
|b 1
|
| LOK |
|
|
|0 000 xxxxxcx a22 zn 4500
|
| LOK |
|
|
|0 001 3250492787
|
| LOK |
|
|
|0 003 DE-627
|
| LOK |
|
|
|0 004 1623357357
|
| LOK |
|
|
|0 005 20070405143625
|
| LOK |
|
|
|0 008 070209||||||||||||||||ger|||||||
|
| LOK |
|
|
|0 040
|a DE-21
|c DE-627
|d DE-21
|
| LOK |
|
|
|0 852
|a DE-21
|
| LOK |
|
|
|0 852 1
|c KB 20 A 2436
|9 00
|
| LOK |
|
|
|0 935
|a krim
|
| LOK |
|
|
|0 936ln
|a k6.1.3
|
| LOK |
|
|
|0 938
|l 26/03/07
|8 6
|
| LOK |
|
|
|0 939
|a 09-02-07
|b l01
|
| ORI |
|
|
|a SA-MARC-krimdoka001.raw
|
| SIG |
|
|
|a UB: KB 20 A 2436
|
| TIM |
|
|
|a 100019470815_100020261231
|b 1947-08-15 - 2026
|